Estado y políticas de dasarrollo agrario: La masacre campesina de panzós /

সংরক্ষণ করুন:
গ্রন্থ-পঞ্জীর বিবরন
প্রধান লেখক: Mendizábal P., Ana Beatriz
বিন্যাস: পাঠ‍্য
ট্যাগগুলো: ট্যাগ যুক্ত করুন
কোনো ট্যাগ নেই, প্রথমজন হিসাবে ট্যাগ করুন!

MARC

LEADER 00000 a a2200000 04500
001 45315
003
040
090 |a REV0780 (6)1978  
100 |a Mendizábal P., Ana Beatriz  
245 |a Estado y políticas de dasarrollo agrario:   |b La masacre campesina de panzós /  |c Ana Beatriz Mendizábal P  
773 |g número6, II Epoca, (julio-diciembre, 1978), páginas 69-122  
999 |c 23194  |d 23194